Catálogo público

Memorias del simposio sobre herbolaria medicinal en veterinaria (Record no. 100626)

MARC details
000 -CABECERA
campo de control de longitud fija 01251nam a2200325 a 4500
003 - IDENTIFICADOR DEL NÚMERO DE CONTROL
campo de control CHAP
005 - FECHA Y HORA DE LA ÚLTIMA TRANSACCIÓN
campo de control 20220329143714.0
008 - DATOS DE LONGITUD FIJA--INFORMACIÓN GENERAL
campo de control de longitud fija 010926s1993 mx r 10000 spa d
010 ## - NÚMERO DE CONTROL DE LA BIBLIOTECA DEL CONGRESO
Número de control de LC 100626
011 ## - ENLACE DEL NUMERO DE CONTROL DE LA BIBLIOTECA DEL CONGRESO [OBSOLETO]
Número de control de LC 101598
035 ## - NÚMERO DE CONTROL DEL SISTEMA
Número de control de sistema 112286
040 ## - FUENTE DE LA CATALOGACIÓN
Centro/agencia transcriptor CHAP
082 04 - NÚMERO DE LA CLASIFICACIÓN DECIMAL DEWEY
Número de clasificación 581.634
Número de documento/Ítem Si57
111 2# - ENTRADA PRINCIPAL--NOMBRE DE CONGRESO/REUNIÓN
Nombre de congreso/reunión o jurisdicción como elemento de entrada Simposio sobre Herbolaria Medicinal en Veterinaria (
Fecha del congreso/reunión 1993 :
Sede del congreso/Lugar de la reunión México, D.F.)
9 (RLIN) 106412
245 10 - MENCIÓN DE TÍTULO
Título Memorias del simposio sobre herbolaria medicinal en veterinaria
Mención de responsabilidad, etc. /compilado por Heberto Javierto Esparza Borges y Francisco Ramón Gay Jiménez
260 ## - PUBLICACIÓN, DISTRIBUCIÓN, ETC.
Lugar de publicación, distribución, etc. México D.F. :
Nombre del editor, distribuidor, etc. UAM. Unidad Xochimilco,
Fecha de publicación, distribución, etc. 1993
300 ## - DESCRIPCIÓN FÍSICA
Extensión [c.a. 100 p.]
Otras características físicas gráfs.
590 ## - NOTA LOCAL (RLIN)
Nota local BATCH-UPD
Procedencia (VM) [OBSOLETO] 10
Condición del los carretes individuales (VM) [OBSOLETO] 20130110
-- UCH01
-- 1207
590 ## - NOTA LOCAL (RLIN)
Nota local BATCH-UPD
Procedencia (VM) [OBSOLETO] 10
Condición del los carretes individuales (VM) [OBSOLETO] 20130410
-- UCH01
-- 0747
590 ## - NOTA LOCAL (RLIN)
Nota local BATCH-UPD
Procedencia (VM) [OBSOLETO] 10
Condición del los carretes individuales (VM) [OBSOLETO] 20130914
-- UCH01
-- 0747
590 ## - NOTA LOCAL (RLIN)
Nota local CONVERSION
Procedencia (VM) [OBSOLETO] 10
Condición del los carretes individuales (VM) [OBSOLETO] 20130109
-- UCH01
-- 1355
650 14 - PUNTO DE ACCESO ADICIONAL DE MATERIA--TÉRMINO DE MATERIA
Término de materia o nombre geográfico como elemento de entrada Botánica médica
Subdivisión general Congresos.
9 (RLIN) 14682
650 14 - PUNTO DE ACCESO ADICIONAL DE MATERIA--TÉRMINO DE MATERIA
Término de materia o nombre geográfico como elemento de entrada Veterinaria
Subdivisión general Congresos.
9 (RLIN) 118991
650 14 - PUNTO DE ACCESO ADICIONAL DE MATERIA--TÉRMINO DE MATERIA
Término de materia o nombre geográfico como elemento de entrada Veterinaria
Subdivisión general Medicamentos.
9 (RLIN) 119002
700 1# - PUNTO DE ACCESO ADICIONAL--NOMBRE DE PERSONA
Nombre de persona Esparza Borges, Heberto Javierto
Término indicativo de función/relación , comp.
9 (RLIN) 37751
700 1# - PUNTO DE ACCESO ADICIONAL--NOMBRE DE PERSONA
Nombre de persona Gay Jiménez,Francisco Ramón
Término indicativo de función/relación , comp.
9 (RLIN) 47333
901 ## - ELEMENTOS DE DATOS A LOCAL LDA (RLIN)
a BK
942 ## - ELEMENTOS DE PUNTO DE ACCESO ADICIONAL (KOHA)
Tipo de ítem Koha Libro
949 ## - PROCESAMIENTO DE INFORMACIÓN LOCAL (OCLC)
a 581.634 Si57
b BC
c CONG
d 33724002237389
e CONG
h 114392
i 112286
s t
Holdings
Estado de retiro Estado de pérdida Fuente del sistema de clasificación o colocación Estado dañado Restricciones de uso No para préstamo Código de colección Localización permanente Ubicación/localización actual Ubicación en estantería Fecha de adquisición Información codificada de la localización en otra ubicación Total de préstamos Signatura topográfica completa Código de barras Fecha visto por última vez Precio válido a partir de Tipo de ítem Koha
    Dewey Decimal Classification   Préstamo interno   Congresos Biblioteca Central Biblioteca Central Planta alta - Área de Tesis - Congresos 31/12/2019 LIBRO   581.634 Si57 33724002237389 31/12/2019 31/12/2019 Libro